000
00242nam a22001217a 4500
003
SGT
082
_a
823
_b
SPA
100
_a
SPARKS NICHOLAS
245
_a
DEAR JOHN
260
_a
DELHI
_b
SPHERE PUB
_c
2007
300
_a
352
942
_2
ddc
_c
BK
999
_c
34065
_d
34065